000
00310nam a22001337a 4500
008
180302b xxu||||| |||| 00| 0 eng d
020
_a
9780787241780
041
_a
eng
080
_2
5th
_a
37
100
_a
25
101
_a
EDU
245
_a
Racquetball learning the fundamentals
_c
Roberts,T
942
_2
udc
_c
BK
999
_c
44034
_d
44034